| 000 | 00672nam a22001817a 4500 | ||
|---|---|---|---|
| 003 | Nust- CAS-E | ||
| 005 | 20180118181400.0 | ||
| 008 | 140703t xxu||||| |||| 00| 0 eng d | ||
| 040 | _cces | ||
| 082 |
_a700.48297 _bSID 2013 |
||
| 100 |
_aSiddique, M. Yousaf. _97640 |
||
| 245 | 1 | 0 |
_aMashriq main Islami tehzeeb ki Aasar : _bbangal main arabi wa farsi kutbaat. _cM. Yousaf Siddique. |
| 246 |
_a :مشرق میں اسلامی تہزیب کے آثار _bبنگال میں عربی و فارسی کتبات |
||
| 260 |
_aIslamabad : _bNational University of Science and Technology, _c2013. |
||
| 300 |
_a651 p. _bIli; |
||
| 650 |
_aIslam _xarts _97641 |
||
| 942 |
_2ddc _cBK |
||
| 999 |
_c355388 _d355388 |
||